Cartas a las iglesias desde El Salvador : servicio informativo del Centro Pastoral de la UCA : año XXVI, no. 563, 1-31 de marzo 2007 : XXVIII aniversario Centro Monseñor Romero /

Monseñor Oscar Romero (1917-1980), arzobispo de El Salvador, destacó por su incansable lucha por la defensa de la dignidad de los seres humanos, en especial el de los más pobres, su solidaridad con los perseguidos y sufrientes de la violencia política y su profunda crítica hacia el sistema político...

Descrizione completa

Salvato in:
Dettagli Bibliografici
Natura: Libro
Lingua:spagnolo
Pubblicazione: San Salvador, El Salvador : Universidad Centroamericana José Simeón Cañas, 2007
Soggetti:
Tags: Aggiungi Tag
Nessun Tag, puoi essere il primo ad aggiungerne!!

MARC

LEADER 00000nam^a2200000^a^4500
001 000624590
005 20251127000000.0
009 20260310133959.406
025 |a Donación Sandra Valdés, 1 ejemplar 
037 |a Acervo ITESO - Biblioteca 
041 |a ESP 
082 |a 282. 728405  |b CAR V. 563 
240 1 1 |a [Cartas a las iglesias desde El Salvador] 
245 0 0 |a Cartas a las iglesias desde El Salvador :  |b servicio informativo del Centro Pastoral de la UCA : año XXVI, no. 563, 1-31 de marzo 2007 : XXVIII aniversario Centro Monseñor Romero / 
264 1 |a San Salvador, El Salvador :  |b Universidad Centroamericana José Simeón Cañas,  |c 2007 
300 |a 24 p. ;  |c 28.0 cm. 
300 |a 1 folleto 
336 |a texto  |b txt  |2 rdacontenido 
337 |a sin mediación  |b n  |2 rdamedio 
338 |a volumen  |b nc  |2 rdasoporte 
520 |a Monseñor Oscar Romero (1917-1980), arzobispo de El Salvador, destacó por su incansable lucha por la defensa de la dignidad de los seres humanos, en especial el de los más pobres, su solidaridad con los perseguidos y sufrientes de la violencia política y su profunda crítica hacia el sistema político de su país; murió asesinado el 24 de marzo de 1980, mientras presidía la celebración de la misa. Su vida, predicación y muerte son signos proféticos para los cristianos, y ha sido reconocido por la Iglesia al promulgar el decreto de su martirio el 3 de febrero de 2015, su beatificación el 23 de mayo de 2015 y su canonización el 14 de octubre de 2018 por el Papa Francisco. 
649 |a XX 
650 |a Santos Salvadoreños 
650 |a Obispos de El Salvador 
650 |a Religiosos Salvadoreños 
650 |a Iglesia Católica en El Salvador -  |x Historia -  |y 1945-1979 
650 |a Iglesia Católica en El Salvador -  |x Historia -  |y Siglo XXI 
650 |a Iglesia Católica en El Salvador -  |x Publicaciones Periódicas -  |x Tema Principal 
650 |a Iglesia y Problemas Sociales -  |z El Salvador 
650 |a Pobreza -  |z El Salvador 
650 |a Genocidio -  |z El Salvador -  |x Historia -  |y Guerra Civil, 1979-1992 
650 |a Asesinato Político -  |z El Salvador -  |x Historia -  |y 1979-1994 
650 |a Política -  |z Guatemala -  |x Historia -  |y Siglo XXI 
650 |a Política -  |z El Salvador -  |x Historia -  |y Siglo XX 
650 |a Política -  |z El Salvador -  |x Historia -  |y Siglo XXI 
650 |a Cristianismo y Política -  |z Guatemala 
650 |a Cristianismo y Política -  |z El Salvador 
650 |a Catolicismo -  |z El Salvador -  |x Historia -  |y Siglo XXI 
650 |a Catolicismo -  |x Publicaciones Periódicas Salvadoreñas 
650 |a Cristianismo -  |z El Salvador -  |x Historia -  |y Siglo XXI 
650 |a Cristianismo -  |x Publicaciones Periódicas Salvadoreñas 
650 |a Religión -  |z El Salvador -  |x Historia -  |y Siglo XXI 
650 |a Religión -  |x Publicaciones Periódicas Salvadoreñas 
650 |a Publicaciones Periódicas Salvadoreñas 
650 |a El Salvador -  |x Historia -  |y Guerra Civil, 1979-1992 
650 |a Romero, Oscar A.,  |c Santo -  |x Tema Principal 
650 |a Hernández, María Julia 
650 |a Amaya, Rufina 
650 |a Grande, Rutilio 
910 |a Fondo General 
920 |a Impresos - Libros 
930 |a Libros Antiguos y Raros 
905 |a 108 
901 |a 624590-10  |b IT2  |c LRA  |i D  |u 20251127 
902 |a https://opac.biblio.iteso.mx/vufind/Record/000624590